Medical Pharmacology at a Glance (Record no. 6171)
[ view plain ]
| 000 -LEADER | |
|---|---|
| fixed length control field | 00508nam a22002057a 4500 |
| 003 - CONTROL NUMBER IDENTIFIER | |
| control field | OSt |
| 005 - DATE AND TIME OF LATEST TRANSACTION | |
| control field | 20181106184615.0 |
| 008 - FIXED-LENGTH DATA ELEMENTS--GENERAL INFORMATION | |
| fixed length control field | 181106b xxu||||| |||| 00| 0 eng d |
| 020 ## - INTERNATIONAL STANDARD BOOK NUMBER | |
| International Standard Book Number | 9781405181976 |
| 040 ## - CATALOGING SOURCE | |
| Transcribing agency | DNLM |
| 082 ## - DEWEY DECIMAL CLASSIFICATION NUMBER | |
| Classification number | QV38 N24m 2009 |
| 100 ## - MAIN ENTRY--PERSONAL NAME | |
| Personal name | Neal, Michael J. |
| 9 (RLIN) | 5183 |
| 245 ## - TITLE STATEMENT | |
| Title | Medical Pharmacology at a Glance |
| 250 ## - EDITION STATEMENT | |
| Edition statement | 6th ed. |
| 260 ## - PUBLICATION, DISTRIBUTION, ETC. (IMPRINT) | |
| Place of publication, distribution, etc. | UK; John Wiley, 2009 |
| 300 ## - PHYSICAL DESCRIPTION | |
| Extent | 111p; col.ill: 29cm |
| 504 ## - BIBLIOGRAPHY, ETC. NOTE | |
| Bibliography, etc | Index included |
| 650 ## - SUBJECT ADDED ENTRY--TOPICAL TERM | |
| Topical term or geographic name as entry element | Pharmacology |
| 9 (RLIN) | 357 |
| 942 ## - ADDED ENTRY ELEMENTS (KOHA) | |
| Source of classification or shelving scheme | Other/Generic Classification Scheme |
| Koha item type | Short Loan |
| Withdrawn status | Lost status | Source of classification or shelving scheme | Damaged status | Not for loan | Home library | Current library | Date acquired | Source of acquisition | Inventory number | Total Checkouts | Full call number | Barcode | Date last seen | Koha item type |
|---|---|---|---|---|---|---|---|---|---|---|---|---|---|---|
| Other/Generic Classification Scheme | Pharmacy Department Library | Pharmacy Department Library | 06/11/2018 | 11/0043 | QV38 N24m 2009 | 2018-0398 | 06/11/2018 | Short Loan | ||||||
| Other/Generic Classification Scheme | Pharmacy Department Library | Pharmacy Department Library | 06/11/2018 | 11/0044 | QV38 N24m 2009 | 2018-0399 | 06/11/2018 | Short Loan |
